[Event "Bavaria Donaucup 2017"]
[Site "Regensburg"]
[Date "2017.05.26"]
[Round "2.2"]
[White "Fuchs, Stefan"]
[Black "Loos, Roland"]
[Result "1/2-1/2"]
[WhiteElo "1913"]
[BlackElo "2373"]
[PlyCount "102"]
[EventDate "2017.??.??"]
[WhiteTeam "SC Bav Regensburg"]
[BlackTeam "Post Regensburg"]

1. d4 Nf6 2. c4 g6 3. Nc3 Bg7 4. e4 O-O 5. Nf3 d6 6. Be2 e5 7. O-O Na6 8. a3
exd4 9. Nxd4 Nc5 10. f3 Nh5 11. Be3 Qh4 12. Qe1 Qxe1 13. Rfxe1 Nf4 14. Rad1
Nfe6 15. b4 Nxd4 16. Bxd4 Ne6 17. Bxg7 Kxg7 18. Bf1 a5 19. b5 b6 20. e5 dxe5
21. Rxe5 Bb7 22. Kf2 Rad8 23. Nd5 Rd6 24. g3 Rfd8 25. Bh3 Nc5 26. Re7 c6 27.
bxc6 Bxc6 28. Re5 b5 29. Bf1 Nd7 30. Ree1 Nb6 31. Ne3 Rxd1 32. Rxd1 Rxd1 33.
Nxd1 Nxc4 34. Bxc4 bxc4 35. Ke3 Kf6 36. f4 Ba4 37. Nc3 Bb3 38. Kf3 Ke6 39. Ke4
h5 40. h4 Bc2+ 41. Ke3 Kf5 42. Kf3 Bd3 43. Kf2 Be4 44. Ke3 Bc6 45. Ne2 Kf6 46.
Kd4 Kf5 47. Ke3 Ba4 48. Nc3 Bc2 49. Nd5 Ke6 50. Kd4 Bd3 51. Ne3 Kd6 1/2-1/2

[Event "Bavaria Donaucup 2017"]
[Site "Regensburg"]
[Date "2017.05.26"]
[Round "2.3"]
[White "Schmid, Roland"]
[Black "Haselbeck, Franz"]
[Result "1-0"]
[WhiteElo "2200"]
[BlackElo "1895"]
[PlyCount "55"]
[EventDate "2017.??.??"]
[WhiteTeam "Post Regensburg"]
[BlackTeam "SV Deggendorf"]

1. Nf3 f5 2. g3 Nf6 3. Bg2 g6 4. b4 Bg7 5. Bb2 d6 6. d4 O-O 7. c4 Qe8 8. Qb3 e6
9. Nc3 Kh8 10. O-O Nc6 11. b5 Na5 12. Qb4 b6 13. c5 Ne4 14. Nxe4 fxe4 15. Nd2
d5 16. Rac1 Qe7 17. Ba3 Rf7 18. e3 Bf8 19. Rc3 a6 20. Qb2 axb5 21. cxb6 b4 22.
Rxc7 bxa3 23. Rxe7 axb2 24. Rxf7 Ba6 25. Ra7 Bxf1 26. Rxa8 Bxg2 27. Rxa5 Bf3
28. b7 1-0

[Event "Bavaria Donaucup 2017"]
[Site "Regensburg"]
[Date "2017.05.26"]
[Round "2.4"]
[White "Krupke, Sven"]
[Black "Oberhofer, Cedric"]
[Result "0-1"]
[WhiteElo "1903"]
[BlackElo "2167"]
[PlyCount "104"]
[EventDate "2017.??.??"]
[WhiteTeam "SF Rosenheim"]
[BlackTeam "SC Bav Regensburg"]

1. d4 Nf6 2. Nf3 g6 3. e3 Bg7 4. Bd3 c5 5. c3 d6 6. O-O O-O 7. Nbd2 Nc6 8. e4
cxd4 9. cxd4 e5 10. d5 Nb4 11. Bc4 a5 12. Re1 Ne8 13. a3 Na6 14. Nb1 h6 15. Nc3
f5 16. b3 f4 17. h3 g5 18. Nd2 Bd7 19. a4 Nc5 20. Ba3 Rc8 21. Bb5 Bxb5 22. Nxb5
Nc7 23. Nxc7 Qxc7 24. Rc1 b6 25. Nc4 Rb8 26. Bxc5 bxc5 27. Na3 Bf6 28. Nb5 Qd7
29. Rc3 Kg7 30. Qh5 Be7 31. f3 Rb7 32. Qg4 Qe8 33. Qe6 Rxb5 34. axb5 h5 35.
Rxc5 dxc5 36. Qxe5+ Bf6 37. Qc7+ Qe7 38. Qxa5 Bd4+ 39. Kf1 g4 40. Re2 Qg5 41.
Ke1 gxh3 42. gxh3 Qg1+ 43. Kd2 Be3+ 44. Rxe3 fxe3+ 45. Kd3 Qf1+ 46. Kc2 Qe2+
47. Kc1 Qxf3 48. Qc7+ Rf7 49. Qe5+ Kh7 50. Qg5 Qf1+ 51. Kb2 Qe2+ 52. Kc3 Qd2+
0-1

[Event "Bavaria Donaucup 2017"]
[Site "Regensburg"]
[Date "2017.05.26"]
[Round "2.5"]
[White "Goldbeck, Lars"]
[Black "Noeckler, Alexander"]
[Result "1-0"]
[WhiteElo "2107"]
[BlackElo "1854"]
[PlyCount "77"]
[EventDate "2017.??.??"]
[WhiteTeam "SC Vaterstetten"]
[BlackTeam "SK Weiden"]

1. d4 d5 2. c4 e6 3. Nc3 c6 4. Qb3 Be7 5. Nf3 Nd7 6. Bf4 Ngf6 7. e3 O-O 8. Bd3
Re8 9. h3 Nf8 10. O-O Ng6 11. Bg3 b6 12. e4 dxc4 13. Bxc4 b5 14. Bd3 Bb7 15.
Rfd1 a6 16. e5 Nh5 17. Bh2 Nhf4 18. Be4 Qc7 19. Qc2 Kh8 20. Qc1 b4 21. Bxf4
bxc3 22. bxc3 Nxf4 23. Qxf4 Ba3 24. Rab1 h6 25. c4 Bf8 26. Nd2 a5 27. c5 Ra7
28. Nc4 Ba6 29. Nd6 Bxd6 30. cxd6 Qd7 31. Rdc1 Rc8 32. Qf3 Bb5 33. Qc3 Raa8 34.
Bd3 Kg8 35. Bf1 Ba4 36. Qa3 Bb5 37. Rc5 Bxf1 38. Kxf1 Qa7 39. Qa4 1-0

[Event "Bavaria Donaucup 2017"]
[Site "Regensburg"]
[Date "2017.05.26"]
[Round "2.6"]
[White "Brack, Johannes"]
[Black "Tassell, Pierre"]
[Result "1/2-1/2"]
[WhiteElo "1889"]
[BlackElo "2049"]
[PlyCount "45"]
[EventDate "2017.??.??"]
[WhiteTeam "Regensburg RT"]
[BlackTeam "SC Bav Regensburg"]

1. d4 Nf6 2. Nf3 d5 3. e3 e6 4. Bd3 c5 5. c3 Bd6 6. O-O Nbd7 7. Nbd2 O-O 8. e4
cxd4 9. Nxd4 Nc5 10. Qc2 Nxd3 11. Qxd3 dxe4 12. Nxe4 Nxe4 13. Qxe4 f5 14. Qe2
Qf6 15. f4 e5 16. fxe5 Bxe5 17. Nf3 Bd6 18. Be3 Re8 19. Qd3 f4 20. Qd5+ Qe6 21.
Qxe6+ Bxe6 22. Bd4 Bc4 23. Rfe1 1/2-1/2

[Event "Bavaria Donaucup 2017"]
[Site "Regensburg"]
[Date "2017.05.26"]
[Round "2.7"]
[White "Banellis, Lukas"]
[Black "Plank, Michael"]
[Result "1-0"]
[WhiteElo "1588"]
[BlackElo "2030"]
[PlyCount "59"]
[EventDate "2017.??.??"]
[WhiteTeam "SF Roding"]
[BlackTeam "TSV Nittenau"]

1. e4 c5 2. Nf3 e6 3. d4 cxd4 4. Nxd4 a6 5. Be3 Qc7 6. Bd3 Nf6 7. Qd2 Be7 8.
Nc3 d6 9. O-O-O Nbd7 10. f3 b5 11. g4 Ne5 12. h4 Rb8 13. Kb1 Nc4 14. Qe2 b4 15.
Bxc4 bxc3 16. b3 O-O 17. h5 d5 18. exd5 Nxd5 19. Bc1 Nf4 20. Qe4 Bg5 21. Nc6
Rb6 22. Ne5 f6 23. Bxf4 Bxf4 24. Qxf4 fxe5 25. Qe3 Rf4 26. Bd3 Bb7 27. h6 g6
28. Bxg6 hxg6 29. h7+ Kh8 30. Qxe5+ 1-0

[Event "Bavaria Donaucup 2017"]
[Site "Regensburg"]
[Date "2017.05.26"]
[Round "2.8"]
[White "Dechant, Georg"]
[Black "Bruell, Elias"]
[Result "1/2-1/2"]
[WhiteElo "1933"]
[BlackElo "1690"]
[PlyCount "84"]
[EventDate "2017.??.??"]
[WhiteTeam "SC Bav Regensburg"]
[BlackTeam "SC Bav. Regensburg"]

1. e4 c5 2. Nf3 d6 3. d4 cxd4 4. Nxd4 Nf6 5. Nc3 a6 6. f4 e5 7. Nf3 Qc7 8. Qe2
Be7 9. Qc4 Qxc4 10. Bxc4 Nc6 11. O-O O-O 12. a4 Be6 13. Bxe6 fxe6 14. fxe5 Nxe5
15. Nd4 Kf7 16. Nce2 Nc6 17. Nxc6 bxc6 18. Nd4 c5 19. Nf3 e5 20. Bg5 Ke6 21.
Bxf6 Bxf6 22. Rad1 Rab8 23. b3 Rb4 24. Ng5+ Ke7 25. Nxh7 Rf7 26. Nxf6 Rxf6 27.
Rxf6 gxf6 28. Re1 c4 29. Re3 cxb3 30. cxb3 Ke6 31. g4 d5 32. exd5+ Kxd5 33. h4
e4 34. Kf2 Ke5 35. Ke2 Kf4 36. Rc3 a5 37. Rc6 Rxb3 38. Rxf6+ Kg3 39. g5 Kxh4
40. Rf5 Kg4 41. Rxa5 Kf4 42. Rb5 Ra3 1/2-1/2

[Event "Bavaria Donaucup 2017"]
[Site "Regensburg"]
[Date "2017.05.26"]
[Round "2.9"]
[White "Kanewski, Josef"]
[Black "Ott, Ian"]
[Result "1-0"]
[WhiteElo "2034"]
[BlackElo "1747"]
[PlyCount "37"]
[EventDate "2017.??.??"]
[WhiteTeam "SC Bav Regensburg"]
[BlackTeam "SC Bav Regensburg"]

1. d4 Nf6 2. c4 g6 3. g3 Bg7 4. Bg2 O-O 5. Nc3 d6 6. Nf3 Nbd7 7. O-O Rb8 8. Qc2
e5 9. dxe5 Nxe5 10. Nxe5 dxe5 11. Rd1 Qe7 12. Bg5 c6 13. Ne4 Bf5 14. Qa4 Bxe4
15. Bxe4 a6 16. Bg2 Rfd8 17. Qb3 h6 18. Be3 Nd7 19. Ba7 1-0

[Event "Bavaria Donaucup 2017"]
[Site "Regensburg"]
[Date "2017.05.26"]
[Round "2.10"]
[White "Burkhardt, Holger"]
[Black "Jobst, Thomas"]
[Result "1/2-1/2"]
[WhiteElo "2015"]
[BlackElo "1756"]
[PlyCount "93"]
[EventDate "2017.??.??"]
[WhiteTeam "SK Gießen"]
[BlackTeam "vereinlos"]

1. d4 Nf6 2. Bf4 g6 3. e3 Bg7 4. Nf3 d5 5. Be2 c5 6. c3 Nc6 7. h3 Qb6 8. Qb3
Qa5 9. O-O O-O 10. Nbd2 c4 11. Qd1 b5 12. b4 Qa3 13. Qc1 Qxc1 14. Rfxc1 Bb7 15.
a4 a6 16. Bd1 Nd7 17. Bc2 f6 18. Nb1 e5 19. Bh2 Nb6 20. a5 Nd7 21. Nbd2 Rae8
22. Kf1 e4 23. Ng1 Bh6 24. Ne2 g5 25. h4 Rf7 26. Ng3 f5 27. hxg5 Bxg5 28. Nh5
Nd8 29. Bf4 Bxf4 30. Nxf4 Ne6 31. Nxe6 Rxe6 32. g3 Rh6 33. Kg2 Nf8 34. Rh1 Rff6
35. Rxh6 Rxh6 36. Bd1 Bc6 37. Be2 Be8 38. Nb1 Ne6 39. f4 Bh5 40. Bxh5 Rxh5 41.
Na3 Nc7 42. Rg1 Rh6 43. Nb1 Ne8 44. Rh1 Rxh1 45. Kxh1 h5 46. Kg2 Kg7 47. Na3
1/2-1/2

[Event "Bavaria Donaucup 2017"]
[Site "Regensburg"]
[Date "2017.05.26"]
[Round "2.11"]
[White "Oberhofer, Marie"]
[Black "Uphoff, Lennart"]
[Result "0-1"]
[WhiteElo "1676"]
[BlackElo "2004"]
[PlyCount "78"]
[EventDate "2017.??.??"]
[WhiteTeam "SC Bav Regensburg"]
[BlackTeam "FC Mintraching"]

1. e4 c6 2. d4 d5 3. e5 c5 4. Nf3 Nc6 5. c4 cxd4 6. Nxd4 e6 7. Nc3 Bc5 8. Nxc6
bxc6 9. Qg4 Bf8 10. Bd3 Ne7 11. O-O Ng6 12. Re1 Rb8 13. cxd5 cxd5 14. Qa4+ Bd7
15. Qxa7 Bb4 16. Qd4 Qc7 17. Bxg6 hxg6 18. Bd2 Bc5 19. Qf4 Rxb2 20. Rac1 Qa7
21. Rb1 Rxb1 22. Rxb1 O-O 23. h3 Rc8 24. Rb2 Bd4 25. Nb5 Bxb5 26. Rxb5 Rc2 27.
Ra5 Bxf2+ 28. Qxf2 Qxf2+ 29. Kxf2 Rxd2+ 30. Kf3 g5 31. Ra8+ Kh7 32. Ra7 Kg6 33.
a4 Rd4 34. a5 Rf4+ 35. Ke3 Re4+ 36. Kd3 Rxe5 37. a6 Re4 38. Ra8 Ra4 39. a7 Kf5
0-1

[Event "Bavaria Donaucup 2017"]
[Site "Regensburg"]
[Date "2017.05.26"]
[Round "2.12"]
[White "Kangas, Lauri"]
[Black "Brassat, Juergen"]
[Result "1-0"]
[WhiteElo "1999"]
[BlackElo "1662"]
[PlyCount "43"]
[EventDate "2017.??.??"]
[WhiteTeam "Pässi"]
[BlackTeam "DJK Regensburg N"]

1. d4 Nf6 2. c4 g6 3. Nc3 d5 4. cxd5 Nxd5 5. e4 Nxc3 6. bxc3 Bg7 7. Bc4 O-O 8.
Ne2 c5 9. O-O Nc6 10. Be3 Qc7 11. Rc1 Rd8 12. Bf4 e5 13. Bg3 Na5 14. Bd3 c4 15.
Bc2 Qe7 16. f3 h5 17. Rb1 h4 18. Bf2 a6 19. Qe1 g5 20. d5 Rf8 21. Bb6 Qa3 22.
Qc1 1-0

[Event "Bavaria Donaucup 2017"]
[Site "Regensburg"]
[Date "2017.05.26"]
[Round "2.13"]
[White "Blanter, Sofya"]
[Black "Bunk, Wolfgang"]
[Result "0-1"]
[WhiteElo "1746"]
[BlackElo "1987"]
[PlyCount "62"]
[EventDate "2017.??.??"]
[WhiteTeam "SC Bav Regensburg"]
[BlackTeam "SC Bav Regensburg"]

1. d4 c5 2. d5 d6 3. c4 g6 4. Nc3 Bg7 5. e4 e6 6. Bd3 Ne7 7. Nf3 exd5 8. exd5
Bg4 9. h3 Bxf3 10. Qxf3 Nd7 11. Bc2 O-O 12. O-O a6 13. a4 Qc7 14. Re1 Rae8 15.
Bg5 Nc8 16. Re4 Ne5 17. Qe2 f5 18. Re3 f4 19. Re4 f3 20. Qe1 fxg2 21. Bd1 Qf7
22. Be2 Qf5 23. f4 Qxh3 24. Qh4 Nf3+ 25. Bxf3 Qxf3 26. f5 Bd4+ 27. Rxd4 cxd4
28. Qxd4 Rxf5 29. Bh6 Qf1+ 30. Kh2 Rh5+ 31. Kg3 Rxh6 0-1

[Event "Bavaria Donaucup 2017"]
[Site "Regensburg"]
[Date "2017.05.26"]
[Round "2.14"]
[White "Disterheft, David"]
[Black "Thamm, Felix"]
[Result "1-0"]
[WhiteElo "1972"]
[BlackElo "1619"]
[PlyCount "39"]
[EventDate "2017.??.??"]
[WhiteTeam "SC Bav Regensburg"]
[BlackTeam "Post Regensburg"]

1. e4 c6 2. d3 d5 3. Nd2 e5 4. Ngf3 Bd6 5. g3 Nf6 6. Bg2 Bg4 7. O-O Qd7 8. Re1
d4 9. Nc4 Qc7 10. h3 Be6 11. Nxd6+ Qxd6 12. c3 dxc3 13. bxc3 Qc7 14. d4 Nbd7
15. Ba3 O-O-O 16. Qa4 b6 17. dxe5 Nxe5 18. Nxe5 Qxe5 19. Qxa7 Qxc3 20. Rac1 1-0

[Event "Bavaria Donaucup 2017"]
[Site "Regensburg"]
[Date "2017.05.26"]
[Round "2.15"]
[White "Krupke, Hardi"]
[Black "Paajala, Niki"]
[Result "1/2-1/2"]
[WhiteElo "1602"]
[BlackElo "1946"]
[PlyCount "66"]
[EventDate "2017.??.??"]
[WhiteTeam "SG Neumünster"]
[BlackTeam "Pässi"]

1. d4 f5 2. Nf3 Nf6 3. e3 g6 4. Nbd2 Bg7 5. Bd3 d6 6. e4 fxe4 7. Nxe4 c6 8. c3
Nxe4 9. Bxe4 Nd7 10. Bg5 Nf6 11. Bxf6 exf6 12. O-O O-O 13. Re1 d5 14. Bd3 Qd6
15. h3 Be6 16. Qd2 Rfe8 17. Re2 b5 18. Rae1 Bd7 19. Rxe8+ Rxe8 20. Rxe8+ Bxe8
21. Qe3 Kf7 22. b4 a5 23. a3 a4 24. g3 Bd7 25. Kg2 Be6 26. g4 Qd7 27. Nh4 Qe7
28. f4 Bd7 29. Kf3 Bf8 30. Ke2 Qxe3+ 31. Kxe3 Bd6 32. Nf3 h6 33. Ng1 Bc7
1/2-1/2

[Event "Bavaria Donaucup 2017"]
[Site "Regensburg"]
[Date "2017.05.26"]
[Round "2.16"]
[White "Mock, Markus"]
[Black "Klausmann, Leonard"]
[Result "0-1"]
[WhiteElo "1946"]
[BlackElo "1696"]
[PlyCount "64"]
[EventDate "2017.??.??"]
[WhiteTeam "FC Ergolding"]
[BlackTeam "TSV Kareth-Lappersdorf"]

1. e4 d6 2. d4 Nf6 3. Nc3 Nbd7 4. Be3 e5 5. h3 Be7 6. Nf3 c6 7. Bd3 Qc7 8. O-O
h6 9. a4 Nf8 10. Ne2 g5 11. Ng3 Ng6 12. Nf5 Bxf5 13. exf5 Nf4 14. dxe5 dxe5 15.
Bxf4 gxf4 16. Qe2 Bd6 17. Rfe1 O-O-O 18. c3 Rde8 19. Nd2 Qe7 20. a5 Rhg8 21. b4
Nd5 22. Ne4 Bc7 23. Qf3 Qh4 24. b5 Rd8 25. bxc6 Ne3 26. cxb7+ Kb8 27. Nc5 Rd6
28. fxe3 Rg3 29. Qe4 Qxh3 30. Na6+ Rxa6 31. Bxa6 f3 32. Bf1 Rxg2+ 0-1

[Event "Bavaria Donaucup 2017"]
[Site "Regensburg"]
[Date "2017.05.26"]
[Round "2.17"]
[White "Brack, Andre"]
[Black "Riedl, Maximilian"]
[Result "1-0"]
[WhiteElo "1635"]
[BlackElo "1945"]
[PlyCount "55"]
[EventDate "2017.??.??"]
[WhiteTeam "Regensburg RT"]
[BlackTeam "SC Furth Waldm."]

1. d4 Nf6 2. c4 e6 3. Nc3 d5 4. cxd5 exd5 5. Nf3 Be7 6. e3 c6 7. Bd3 O-O 8. Qc2
h6 9. O-O Bg4 10. Ne5 Bc8 11. f4 Nfd7 12. Bd2 Nxe5 13. dxe5 Na6 14. Na4 Nb4 15.
Bxb4 Bxb4 16. a3 Be7 17. f5 Bg5 18. Rae1 d4 19. exd4 Qxd4+ 20. Kh1 Rd8 21. Rf3
c5 22. Re4 Qd5 23. Nc3 Qc6 24. Nb5 Rxd3 25. Qxd3 Bxf5 26. Rxf5 Rd8 27. Nd6 Be7
28. Qc4 1-0

[Event "Bavaria Donaucup 2017"]
[Site "Regensburg"]
[Date "2017.05.26"]
[Round "2.19"]
[White "Kutschera, Reinhardt"]
[Black "Luetkemeyer, Arnd"]
[Result "0-1"]
[WhiteElo "1392"]
[BlackElo "1844"]
[PlyCount "92"]
[EventDate "2017.??.??"]
[WhiteTeam "DJK-Regensburg Nord"]
[BlackTeam "MSA Zugzwang"]

1. c4 Nf6 2. d4 e5 3. dxe5 Ng4 4. Qd4 d6 5. exd6 Nc6 6. Qe4+ Be6 7. dxc7 Qxc7
8. Bf4 Qb6 9. Nd2 Nxf2 10. Be3 Bc5 11. Kxf2 O-O 12. Bxc5 Qxc5+ 13. e3 Rfe8 14.
Nb3 Qb4 15. Bd3 g6 16. g4 Rad8 17. Rd1 f5 18. Qf3 Ne5 19. Qe2 Nxg4+ 20. Kg2 Bd7
21. e4 f4 22. Nh3 Ne3+ 23. Kf3 Bg4+ 24. Kxf4 Bxe2 25. Kxe3 Bxd1 26. Rxd1 Qa4
27. Ra1 Rxd3+ 28. Kxd3 Qd7+ 29. Kc2 Qxh3 30. Nd2 Qxh2 31. Kc3 Rd8 32. Nb3 Qe2
33. Kb4 Qxe4 34. Nc5 Qd4 35. Rb1 Rc8 36. Nb3 Qxc4+ 37. Ka3 a5 38. Nxa5 Ra8 39.
b4 b6 40. Rb2 bxa5 41. b5 Rd8 42. b6 Rd3+ 43. Rb3 Qb4+ 44. Kb2 Rxb3+ 45. axb3
Qxb6 46. Ka3 h5 0-1

[Event "Bavaria Donaucup 2017"]
[Site "Regensburg"]
[Date "2017.05.26"]
[Round "2.20"]
[White "Bruell, Martin"]
[Black "Glaser, Max"]
[Result "1-0"]
[WhiteElo "1835"]
[BlackElo "1590"]
[PlyCount "85"]
[EventDate "2017.??.??"]
[WhiteTeam "SC Bav Regensburg"]
[BlackTeam "SC Furth Waldm."]

1. e4 e5 2. Nf3 Nf6 3. d4 Nxe4 4. Nxe5 d5 5. Bd3 Bd6 6. O-O O-O 7. c4 c6 8. Nc3
Nxc3 9. bxc3 Bxe5 10. dxe5 dxc4 11. Bxc4 Qxd1 12. Rxd1 Bf5 13. Ba3 Re8 14. Rd6
Nd7 15. e6 Ne5 16. exf7+ Nxf7 17. Rad1 Bc2 18. Rc1 Bf5 19. f3 Rad8 20. Rxd8
Rxd8 21. Re1 g5 22. Re7 Bg6 23. Rxb7 Rd1+ 24. Kf2 Rd2+ 25. Kg3 h5 26. h3 h4+
27. Kh2 Rc2 28. Bb4 Kg7 29. Bb3 Re2 30. Rxa7 Kf6 31. Bc4 Rc2 32. Bc5 Ne5 33.
Bd4 Bh5 34. Ra5 Bxf3 35. Bxe5+ Ke7 36. Ra7+ Ke8 37. Bf1 Be4 38. Bf6 Kf8 39. Re7
Bd5 40. Re2 Rc1 41. Rf2 Bxa2 42. Bxg5+ Kg7 43. Bxc1 1-0

[Event "Bavaria Donaucup 2017"]
[Site "Regensburg"]
[Date "2017.05.26"]
[Round "2.21"]
[White "Vlaar, Shannon"]
[Black "Winter, Reinhold"]
[Result "1-0"]
[WhiteElo "1835"]
[BlackElo "1567"]
[PlyCount "93"]
[EventDate "2017.??.??"]
[BlackTeam "SF Neuenkirchen"]

1. e4 c6 2. d4 d5 3. Nd2 dxe4 4. Nxe4 Bf5 5. Ng3 Bg6 6. h4 h6 7. Nf3 Nd7 8. h5
Bh7 9. Bd3 Bxd3 10. Qxd3 e6 11. Bd2 Ngf6 12. O-O-O Bd6 13. c4 Qc7 14. Ne4 Nxe4
15. Qxe4 Nf6 16. Qe2 Bf4 17. Ne5 Bxd2+ 18. Rxd2 O-O-O 19. c5 Rd5 20. Nc4 Kb8
21. Qf3 Rf5 22. Qe2 Rd5 23. Nd6 Ne8 24. Nc4 Qf4 25. Qe3 Qxe3 26. fxe3 f6 27. e4
Rg5 28. Rh3 Rf8 29. a4 Rf7 30. b4 Rd7 31. b5 cxb5 32. axb5 Rg4 33. c6 bxc6 34.
bxc6 Rc7 35. Na5 Rxe4 36. Rb3+ Kc8 37. Rdb2 Kd8 38. Rb8+ Ke7 39. R2b7 Rxb7 40.
Rxe8+ Kxe8 41. cxb7 Rxd4 42. b8=Q+ Rd8 43. Qxa7 Rd7 44. Qb8+ Kf7 45. Nc4 e5 46.
Qc8 Re7 47. Nd6# 1-0

[Event "Bavaria Donaucup 2017"]
[Site "Regensburg"]
[Date "2017.05.26"]
[Round "2.22"]
[White "Erhard, Walter sen"]
[Black "Liess, Alexander"]
[Result "0-1"]
[WhiteElo "1319"]
[BlackElo "1811"]
[PlyCount "65"]
[EventDate "2017.??.??"]
[WhiteTeam "SC Bav Regensburg"]
[BlackTeam "SC Bav Regensburg"]

1. d4 Nf6 2. c4 g6 3. Nf3 Bg7 4. g3 O-O 5. Bg2 c5 6. O-O cxd4 7. Nxd4 Nc6 8.
Bg5 h6 9. Bxf6 Bxf6 10. Nxc6 bxc6 11. Qc2 Rb8 12. Nc3 Qa5 13. Rfc1 Ba6 14. b3
Rfc8 15. Bh3 e6 16. e4 Qh5 17. Bg2 d5 18. Rab1 dxc4 19. Bf1 cxb3 20. axb3 Bxf1
21. Rxf1 Qf3 22. Nd1 h5 23. Re1 h4 24. Re3 Qh5 25. Qe2 hxg3 26. fxg3 Bd4 27.
Qxh5 Bxe3+ 28. Nxe3 gxh5 29. Kf2 Rb4 30. Kf3 Rd8 31. Nc4 Rd3+ 32. Kf4 Rdxb3 33.
Rxb3 0-1

[Event "Bavaria Donaucup 2017"]
[Site "Regensburg"]
[Date "2017.05.26"]
[Round "2.23"]
[White "Sammet, Dominik"]
[Black "Zeitler, Juergen"]
[Result "1-0"]
[WhiteElo "1803"]
[BlackElo "1439"]
[PlyCount "59"]
[EventDate "2017.??.??"]
[WhiteTeam "SC Bav Regensburg"]
[BlackTeam "DJK Amberg"]

1. e4 e5 2. Nf3 Nc6 3. Bb5 a6 4. Ba4 Nf6 5. O-O Be7 6. Re1 b5 7. Bb3 d6 8. h3
Na5 9. c3 Nxb3 10. Qxb3 Be6 11. Qc2 c5 12. d3 h6 13. Nfd2 O-O 14. Nf1 Rc8 15.
Ng3 Qd7 16. Be3 Nh7 17. Qd2 f5 18. exf5 Bxf5 19. Nxf5 Qxf5 20. a4 Qg6 21. Kh1
Nf6 22. axb5 axb5 23. Ra7 Nd5 24. c4 bxc4 25. dxc4 Nxe3 26. Qxe3 Qe6 27. Qe4
Rb8 28. Re2 Rf4 29. Qxf4 Rxb2 30. Ra8+ 1-0

[Event "Bavaria Donaucup 2017"]
[Site "Regensburg"]
[Date "2017.05.26"]
[Round "2.24"]
[White "Ganchev, Rostislav"]
[Black "Landstorfer, Raphael"]
[Result "1/2-1/2"]
[WhiteElo "1261"]
[BlackElo "1799"]
[PlyCount "84"]
[EventDate "2017.??.??"]
[WhiteTeam "SC Bav Regensburg"]
[BlackTeam "TSV Kar-Lappersdorf"]

1. e4 e6 2. Nc3 d5 3. exd5 exd5 4. d4 c6 5. Nf3 Bd6 6. Bd3 Bg4 7. h3 Bh5 8.
Qe2+ Ne7 9. Bd2 Nd7 10. O-O-O Qc7 11. g4 Bg6 12. Kb1 O-O-O 13. Rhe1 Bxd3 14.
Qxd3 Ng6 15. Re2 Rde8 16. Rde1 Rxe2 17. Qxe2 Nf6 18. Bg5 Re8 19. Qd1 Re6 20.
Qd3 Rxe1+ 21. Nxe1 Qe7 22. Qf5+ Qe6 23. Qxe6+ fxe6 24. Bxf6 gxf6 25. Nd3 e5 26.
dxe5 fxe5 27. f3 Nh4 28. Ne1 Bb4 29. a3 Ba5 30. b4 Bb6 31. Nd1 a5 32. c3 axb4
33. axb4 Kd7 34. Kc2 Kd6 35. Kd3 c5 36. bxc5+ Bxc5 37. Ne3 Ng6 38. Nf5+ Ke6 39.
Ng2 b5 40. Ng7+ Kf6 41. Ne8+ Kg5 42. Nc7 Nh4 1/2-1/2

[Event "Bavaria Donaucup 2017"]
[Site "Regensburg"]
[Date "2017.05.26"]
[Round "2.25"]
[White "Hessler, Markus"]
[Black "Boehm, Tobias"]
[Result "1-0"]
[WhiteElo "1750"]
[BlackElo "1340"]
[PlyCount "51"]
[EventDate "2017.??.??"]
[WhiteTeam "SF Roding"]
[BlackTeam "Post Regensburg"]

1. c4 e5 2. g3 Bc5 3. Bg2 d6 4. Nc3 c6 5. Nf3 Bf5 6. O-O Nf6 7. d3 O-O 8. a3 a5
9. e3 e4 10. Nh4 Bg4 11. f3 exf3 12. Bxf3 Bh3 13. Bg2 Qd7 14. d4 Bxg2 15. Kxg2
Bb6 16. Qf3 Na6 17. Nf5 Bd8 18. Bd2 Nc7 19. e4 Ne6 20. d5 cxd5 21. exd5 Nc5 22.
Bg5 Nfe4 23. Nxe4 Nxe4 24. Bxd8 Nd2 25. Qg4 f6 26. Nh6+ 1-0

[Event "Bavaria Donaucup 2017"]
[Site "Regensburg"]
[Date "2017.05.25"]
[Round "3.1"]
[White "Oberhofer, Cedric"]
[Black "Hendriks, Willy"]
[Result "0-1"]
[WhiteElo "2167"]
[BlackElo "2385"]
[PlyCount "88"]
[EventDate "2017.??.??"]
[WhiteTeam "SC Bav Regensburg"]
[BlackTeam "SG Bochum"]

1. d4 Nf6 2. c4 d6 3. Nf3 Nbd7 4. g3 g6 5. Bg2 Bg7 6. O-O O-O 7. Nc3 e5 8. e4
c6 9. h3 Qa5 10. Be3 Nb6 11. dxe5 dxe5 12. Nd2 Be6 13. Nb3 Qb4 14. Bc5 Qxc4 15.
Bxf8 Bxf8 16. Nd2 Qb4 17. Qc2 Bh6 18. Nf3 Nfd7 19. Ne1 Bc4 20. Nd3 Bxd3 21.
Qxd3 Qxb2 22. Na4 Qd4 23. Qxd4 exd4 24. Nxb6 axb6 25. f4 Bf8 26. e5 Bb4 27.
Rab1 Bc3 28. Rf2 b5 29. Rc2 b4 30. Rd1 Nc5 31. Kh2 d3 32. Rf2 Rd8 33. Bf1 d2
34. Rf3 b5 35. Bg2 Ne6 36. Rf2 c5 37. Bc6 Nd4 38. Be4 b3 39. axb3 Nxb3 40. Rf3
b4 41. Rd3 Rxd3 42. Bxd3 Na5 43. Kg2 c4 44. Be4 b3 0-1

[Event "Bavaria Donaucup 2017"]
[Site "Regensburg"]
[Date "2017.05.25"]
[Round "3.2"]
[White "Goldbeck, Lars"]
[Black "Schmid, Roland"]
[Result "1/2-1/2"]
[WhiteElo "2107"]
[BlackElo "2200"]
[PlyCount "76"]
[EventDate "2017.??.??"]
[WhiteTeam "SC Vaterstetten"]
[BlackTeam "Post Regensburg"]

1. Nf3 d5 2. g3 Nf6 3. Bg2 c6 4. O-O Bg4 5. c4 e6 6. h3 Bh5 7. cxd5 exd5 8. Qb3
Qb6 9. d3 Nbd7 10. Bf4 Qxb3 11. axb3 Bxf3 12. Bxf3 Nc5 13. Be3 Nxb3 14. Rxa7
Rxa7 15. Bxa7 Bc5 16. Bxc5 Nxc5 17. d4 Ne6 18. e3 Kd7 19. Nc3 Ra8 20. Rc1 b5
21. Bd1 Ng5 22. h4 Nge4 23. Nxe4 Nxe4 24. Bc2 Nf6 25. Kf1 h6 26. Ke2 Ne8 27.
Bf5+ Kc7 28. Kd2 Nd6 29. Bd3 Kb6 30. Kc3 f5 31. Kc2 Rf8 32. f4 Rf6 33. Rg1 Rg6
34. h5 Re6 35. Kd2 g6 36. g4 gxh5 37. gxh5 Kc7 38. Rg8 Kd7 1/2-1/2

[Event "Bavaria Donaucup 2017"]
[Site "Regensburg"]
[Date "2017.05.25"]
[Round "3.3"]
[White "Loos, Roland"]
[Black "Banellis, Lukas"]
[Result "1-0"]
[WhiteElo "2373"]
[BlackElo "1588"]
[PlyCount "67"]
[EventDate "2017.??.??"]
[WhiteTeam "Post Regensburg"]
[BlackTeam "SF Roding"]

1. e4 e5 2. Nf3 Nc6 3. Bb5 a6 4. Ba4 Nf6 5. O-O Be7 6. Re1 b5 7. Bb3 O-O 8. c3
d5 9. exd5 Nxd5 10. Nxe5 Nxe5 11. Rxe5 c6 12. d4 Bd6 13. Re1 Qh4 14. g3 Qh3 15.
Re4 g5 16. Qf1 Qh6 17. f3 f5 18. Re2 Kh8 19. f4 gxf4 20. Bxd5 cxd5 21. Bxf4
Bxf4 22. Qxf4 Qf6 23. Nd2 Rg8 24. Rae1 Bd7 25. Re7 Rae8 26. Qe5 Qxe5 27. R1xe5
Rxe7 28. Rxe7 Bc8 29. Kf2 Rg7 30. Re5 Bb7 31. Rxf5 Re7 32. Nb3 Kg7 33. Nc5 Kg6
34. Re5 1-0

[Event "Bavaria Donaucup 2017"]
[Site "Regensburg"]
[Date "2017.05.25"]
[Round "3.4"]
[White "Tassell, Pierre"]
[Black "Dechant, Georg"]
[Result "0-1"]
[WhiteElo "2049"]
[BlackElo "1933"]
[PlyCount "86"]
[EventDate "2017.??.??"]
[WhiteTeam "SC Bav Regensburg"]
[BlackTeam "SC Bav Regensburg"]

1. e4 c5 2. b3 Nc6 3. Bb2 e6 4. Nf3 a6 5. g3 d5 6. exd5 exd5 7. Qe2+ Be6 8. Bg2
h6 9. O-O Nf6 10. d4 Be7 11. dxc5 Bxc5 12. a3 O-O 13. b4 Ba7 14. Nbd2 Rc8 15.
Nb3 Re8 16. Qd3 Ne4 17. Nbd4 Bd7 18. Nxc6 Bxc6 19. Nd4 Ba4 20. Rac1 Qf6 21. Ba1
Qb6 22. Bxe4 dxe4 23. Qd2 Rcd8 24. c3 Qf6 25. Bb2 Bb5 26. Rfe1 Bc4 27. Qf4 Qxf4
28. gxf4 Bb8 29. f5 Bf4 30. Rcd1 e3 31. fxe3 Bxe3+ 32. Kg2 Re5 33. Bc1 Bd5+ 34.
Kg3 Bxd4 35. cxd4 Rxf5 36. Rf1 Rxf1 37. Rxf1 Bb3 38. Be3 Bd5 39. Rc1 Bc6 40.
Rc5 Rd6 41. Kf2 g5 42. Kg3 Kg7 43. Re5 Kg6 0-1